000 00907nam a2200241Ia 4500
001 1213
003 GE_BSU
008 181216s||||||||xx |||||||||||||| ||und||
010 _a552001
040 _cGE_BSU
080 _a632(075.8)
100 _aბუაჩიძე, კარლო
245 _aპესტიციდური აქტივობის მცენარეები
245 _b(გამოყენება მცენარეთა დაცვაში)
245 _cრედ. გ. გეგენავა, შ. შუბლაძე
260 _aთბილისი
260 _bმეცნიერება
260 _c1985
300 _a141 გვ. 19 სმ.
541 _h5 ლ.
653 _aპესტიციდური აქტივობის მცენარეები; მცენარეთა დაცვა;
942 _cBK
999 _c35360
_d35360